La Revolución Mexicana a través de sus documentos /

Saved in:
Bibliographic Details
Main Author: McGowan, Gerald J. (coord.)
Format: Book
Language:Español
Published: México : UNAM, 1987
Subjects:
Tags: Add Tag
No Tags, Be the first to tag this record!

MARC

LEADER 00000nam^a2200000^a^4500
001 000026120
005 20250521000000.0
009 20260310084717.78
020 |a 968-36-0009-3 
037 |a Acervo ITESO - Biblioteca 
041 |a ESP 
082 |a 972. 061  |b MCG V. 2 
100 |a McGowan, Gerald J.  |e (coord.) 
245 1 3 |a La Revolución Mexicana a través de sus documentos /  |c Coord. de G.J. McGowan. 
264 1 |a México :  |b UNAM,  |c 1987 
300 |a 4 v. 
336 |a texto  |b txt  |2 rdacontenido 
337 |a sin mediación  |b n  |2 rdamedio 
338 |a volumen  |b nc  |2 rdasoporte 
649 |a XX 
650 |a México -  |x Historia 
650 |a México -  |x Historia -  |y Revolución, 1910-1917 
910 |a Fondo General 
920 |a Impresos - Libros 
930 |a Colección General 
905 |a 101 
901 |a 0261200100  |b IT1  |c ACC  |i 026120  |u 20250521 
902 |a https://opac.biblio.iteso.mx/vufind/Record/000026120